StarCraft II Protoss Units by Portrait - Statistics

General Stats
  • This quiz has been taken 9 times
    7 since last reset
  • The average score is 31 of 40
Answer Stats
Picture Answer % Correct
Adept
100%
Archon
100%
Carrier
100%
Colossus
100%
Dark Archon
100%
Dark Templar
100%
High Templar
100%
Immortal
100%
Mothership | Mothership Core
100%
Observer
100%
Oracle
100%
Probe
100%
Scout
100%
Sentry
100%
Stalker
100%
Tempest
100%
Void Ray
100%
Warp Prism
100%
Zealot
100%
Disruptor
80%
Phoenix
80%
Reaver
80%
Annihilator
60%
Arbiter
60%
Avenger
60%
Corsair
60%
Dragoon
60%
Energizer
60%
Mirage
60%
Sentinel
60%
Tal'darim Mothership
60%
Vanguard
60%
Wrathwalker
60%
Ascendant
40%
Blood Hunter
40%
Centurion
40%
Destroyer
40%
Havoc
40%
Hybrid Destroyer
40%
Hybrid Dominator
20%
No matching quizzes found
Score Distribution
Percent of People with Each Score
Percentile by Number Answered
Your Score History
You have not taken this quiz since the last reset